Código penal: citas de jurisprudencia, anotado y concordado, índice temático alfabético, apéndices
Сохранить в:
| Формат: | |
|---|---|
| Язык: | испанский |
| Опубликовано: |
Santiago
LexisNexis
2004
|
| Редактирование: | 4a. ed |
| Серии: | Códigos de la República de Chile
|
| Предметы: | |
| Метки: |
Добавить метку
Нет меток, Требуется 1-ая метка записи!
|
MARC
| LEADER | 00000nam a2200000 a 4500 | ||
|---|---|---|---|
| 001 | UCL7224 | ||
| 003 | CL-VaPUC | ||
| 008 | 040514e20040406CL |||||||||||||||||spa|d | ||
| 020 | |a 9562384713 | ||
| 082 | 0 | 4 | |a 345.83 |b COD |2 21 |
| 245 | 1 | 0 | |a Código penal: citas de jurisprudencia, anotado y concordado, índice temático alfabético, apéndices |
| 250 | |a 4a. ed | ||
| 300 | |a 341 p | ||
| 942 | |c BK | ||
| 945 | |d 20040514 00:00:00 |a cmena | ||
| 260 | |a Santiago |b LexisNexis |c 2004 | ||
| 650 | 0 | |a Código penal |9 255935 | |
| 650 | 7 | |a DERECHO PENAL CHILENO |2 CL-VaPUC |9 485062 | |
| 650 | 0 | |a Delitos |9 224143 | |
| 650 | 0 | |a Jurisprudencia |9 255952 | |
| 583 | |a last modification |c 20040514 00:00:00 |k Rodrigo Vera | ||
| 490 | 0 | |a Códigos de la República de Chile | |
| 999 | |c 309074 |d 309072 | ||
| 952 | |0 0 |1 0 |2 ddc |4 0 |6 345_830000000000000_COD_2004 |7 0 |8 FOND_LRYV |9 376193 |a BIBDER |b BIBDER |d 2019-11-21 |i 4017099 |o 345.83 COD 2004 |p 4017099 |r 2023-01-25 |w 2019-11-21 |y BK_X |k DER | ||
| 952 | |0 0 |1 0 |2 ddc |4 0 |6 345_830000000000000_COD_2004 |7 0 |8 X |9 376196 |a BIBDER |b BIBDER |d 2019-11-21 |i 4017129 |o 345.83 COD 2004 |p 4017129 |r 2023-01-25 |w 2019-11-21 |y BK_X |k DER | ||